000 00655nam a2200277Ia 4500
005 20260324144753.0
008 008 260324s9999 xx 000 0 eng d
020 _a9781351127943
037 _aEBOOK
040 _aCRL
040 _beng
040 _cCRL
041 _2eng
041 _aeng
084 _qCRL
100 _aArthur G. Bedeian
_91195274
245 2 _aA Standardization of Selected Management Concepts
260 _bTaylor and Francis
260 _c1986
365 _a
365 _b135
856 _uhttp://www.taylorfrancis.com/books/9781351127943
942 _cEBOOK
999 _c1827575
_d1827575